000 00749nam a2200265 i 4500
001 C2-0148312
003 PPAK
005 20180727131522.0
008 980321s1997 my a|||| ||||| | may d
020 _a9676727679
040 _aPPAK
_beng
_cPPAK
_erda
082 0 4 _a535
_223
090 0 0 _a535
_bTAY
_dK
100 1 _aTaylor, Barbara,
_eauthor
245 1 0 _aWarna dan cahaya
264 1 _aPetaling Jaya, Selangor :
_bPustaka Delta Pelajaran ,
_c1997
300 _a40 pages :
_bcolour illustrations ;
_c26 cm
336 _2rdacontent
_atext
337 _2rdamedia
_aunmediated
338 _2rdacarrier
_avolume
490 1 _aBergembira dengan sains
650 1 0 _aColour - Experiments
830 0 _aBergembira dengan sains
942 _ddc
_cB
999 _c46932
_d46932